000 01007nam a2200253Ia 4500
003 GCL
008 140319s9999 xx 000 0 ara d
020 _a2353701977
040 _aGCL /
_cGCL
082 0 4 _aق
_b327.172
_bع م
100 1 _aعبدالعظيم رمضان
245 1 0 _aمساعى السلام العربية الاسرائيلية /
_cعبدالعظيم رمضان
260 _aالقاهرة :
_bالهيئة المصرية العامة للكتاب ،
_c1993
300 _a296 ص ؛
_c22 سم
490 _aتاريخ المصريين
_v67
650 0 4 _aالنزاع العربى الاسرائيلى
650 0 4 _aالمعاهدات
650 0 4 _aالسلام العالمى
650 0 4 _aالحرب العربية الاسرائيلية
650 0 4 _aحرب اكتوبر 1973
650 0 4 _aفلسطين - تاريخ - العصر الحديث - الاحتلال الصهيونى
650 0 4 _aمصر - العلاقات الخارجية - اسرائيل
942 _2ddc
_cBK
999 _c34374
_d34374